000 00880nam a22002777a 4500
999 _c34271
_d34271
001 3625
003 CO-MdFUSB
005 20190202100541.0
008 180314t1995 xxu||||| |||| 00| 0 spa d
020 _a0-8297-1503-7
040 _aCO-MdFUSB
_bspa
_cCO-MdFUSB
_dCO-MdFUSBC
_erda
041 0 _aspa
_heng
082 0 4 _aG 227.4 A7881e
100 1 _aArthur, Kay (1933-)
_eautor
245 0 _aLiberados de la esclavitud a la manera de Dios
_c/ Kay Arthur
264 4 _aDeerfield, Florida, USA :
_bVida,
_c©1995
300 _a76 Pag
336 _2rdacontent
_atexto
_btxt
337 _2rdamedia
_asin mediación
_bn
338 _2rdacarrier
_avolumen
_bnc
500 _aTítulo original : Free from bondage God's way
650 7 _aDios
_xEnseñanza bíblica
_2
_9323
653 _aBiblia N.T. - Gálatas - Enseñanza
653 _aBiblia N.T. - Efesios - Enseñanza
942 _cBK